00561nam a22001577a 4500008004100000040001800041041000800059100002000067245005500087260005200142300001800194500010000212600003000312600004400342650001700386130821s1923 fr gr dfre  aCo-BoUCMbspa00afre aGirau, Víctor03aLavie héroique de Blaise PascalcVíctor Giraud aParís (Francia)bLes Editions G. Crésc1923 a261 páginas aIncluye bibliografía e índice. -- Este libro se encuentra en el depósito de la biblioteca aPascal, Blaised1623-1662 aPascal, Blaised1623-1662vBiografías04aBiografías